000 00442nam a2200145Ia 4500
008 220217s9999||||xx |||||||||||||| ||und||
020 _a978-81-775-8170-6
082 _a670.42 KAL
100 _aKalpakjian, Serope and Schmid, Steven, R
245 0 _aManufacturing engineering and technology
250 _a4th
260 _aPearson education of asia
_bNew Delhi
_c2001
300 _a1168p.
_b599
650 _aManufacturing Technology
999 _c179597
_d179597